000 00805nam a2200265Ia 4500
001 21853
005 20260320113318.0
008 260320s9999||||xx |||||||||||||| ||und||
020 _a9783845488349
041 _aESP
082 _a333.73
_bP59
100 _aPinzon Pinto, Angela,
_eAUT
245 0 _aEdafología
_b
246 _a
_5
_b
250 _aPrimera edición
260 _a[Lugar de publicación no identificado] :
_bEditorial Académica Española,
_c2011
300 _a294 páginas :
_bilustraciones, gráficos, cuadros ;
_c22 cm.
_e
440 _a
_n
_v
650 _aCIS
653 _aEdafología; Suelos
654 _aCAN
700 _a
_c
856 _uhttps://go-gale-com.ucsp.lookproxy.com/ps/start.do?p=IFME&u=ucsp
_zVéase además: Base de datos Gale
942 _cLIB
_dJUS
_fMAT
_2ddc
_n
999 _c21853
_d21853